000 01396nam a2200349Ia 4500
001 ebr10594954
003 CaPaEBR
006 m u
007 cr cn|||||||||
008 030620s2003 nyu sb s001 0 eng d
010 _z 2003057265
020 _z0791457931 (alk. paper)
020 _z079145794X (pbk. : alk. paper)
020 _z9780791457931
020 _z9780791486603
040 _aCaPaEBR
_cCaPaEBR
035 _a(OCoLC)61367810
050 1 4 _aB2898
_b.W57 2003eb
082 0 4 _a193
_221
100 1 _aWirth, Jason M.,
_d1963-
245 1 4 _aThe conspiracy of life
_h[electronic resource] :
_bmeditations on Schelling and his time /
_cJason M. Wirth.
260 _aAlbany, NY :
_bState University of New York Press,
_cc2003.
300 _avii, 290 p.
440 0 _aSUNY series in contemporary continental philosophy
504 _aIncludes bibliographical references (p. 265-280) and index.
533 _aElectronic reproduction.
_bPalo Alto, Calif. :
_cebrary,
_d2011.
_nAvailable via World Wide Web.
_nAccess may be limited to ebrary affiliated libraries.
600 1 0 _aSchelling, Friedrich Wilhelm Joseph von,
_d1775-1854.
650 0 _aPhilosophy, German.
655 7 _aElectronic books.
_2local
710 2 _aebrary, Inc.
856 4 0 _uhttp://site.ebrary.com/lib/rucke/Doc?id=10594954
_zAn electronic book accessible through the World Wide Web; click to view
999 _c112401
_d112401